<?xml version="1.0" encoding="UTF-8"?><?xml-stylesheet type="text/xsl" href="static/style.xsl"?><OAI-PMH xmlns="http://www.openarchives.org/OAI/2.0/" xmlns:xsi="http://www.w3.org/2001/XMLSchema-instance" xsi:schemaLocation="http://www.openarchives.org/OAI/2.0/ http://www.openarchives.org/OAI/2.0/OAI-PMH.xsd"><responseDate>2026-04-17T07:55:34Z</responseDate><request verb="GetRecord" identifier="oai:www.recercat.cat:2117/335369" metadataPrefix="marc">https://recercat.cat/oai/request</request><GetRecord><record><header><identifier>oai:recercat.cat:2117/335369</identifier><datestamp>2026-01-24T04:16:21Z</datestamp><setSpec>com_2072_1033</setSpec><setSpec>col_2072_452950</setSpec></header><metadata><record xmlns="http://www.loc.gov/MARC21/slim" xmlns:dcterms="http://purl.org/dc/terms/" xmlns:xsi="http://www.w3.org/2001/XMLSchema-instance" xmlns:doc="http://www.lyncode.com/xoai" xsi:schemaLocation="http://www.loc.gov/MARC21/slim http://www.loc.gov/standards/marcxml/schema/MARC21slim.xsd">
   <leader>00925njm 22002777a 4500</leader>
   <datafield ind2=" " ind1=" " tag="042">
      <subfield code="a">dc</subfield>
   </datafield>
   <datafield ind2=" " ind1=" " tag="720">
      <subfield code="a">Cajas García, Juan Carlos</subfield>
      <subfield code="e">author</subfield>
   </datafield>
   <datafield ind2=" " ind1=" " tag="720">
      <subfield code="a">Houzeaux, Guillaume</subfield>
      <subfield code="e">author</subfield>
   </datafield>
   <datafield ind2=" " ind1=" " tag="720">
      <subfield code="a">Vázquez, Mariano</subfield>
      <subfield code="e">author</subfield>
   </datafield>
   <datafield ind2=" " ind1=" " tag="720">
      <subfield code="a">Garcia Gasulla, Marta</subfield>
      <subfield code="e">author</subfield>
   </datafield>
   <datafield ind2=" " ind1=" " tag="720">
      <subfield code="a">Casoni Rero, Eva</subfield>
      <subfield code="e">author</subfield>
   </datafield>
   <datafield ind2=" " ind1=" " tag="720">
      <subfield code="a">Calmet, Hadrien</subfield>
      <subfield code="e">author</subfield>
   </datafield>
   <datafield ind2=" " ind1=" " tag="720">
      <subfield code="a">Artigues, Antoni</subfield>
      <subfield code="e">author</subfield>
   </datafield>
   <datafield ind2=" " ind1=" " tag="720">
      <subfield code="a">Borrell Pol, Ricard</subfield>
      <subfield code="e">author</subfield>
   </datafield>
   <datafield ind2=" " ind1=" " tag="720">
      <subfield code="a">Lehmkuhl Barba, Oriol</subfield>
      <subfield code="e">author</subfield>
   </datafield>
   <datafield ind2=" " ind1=" " tag="720">
      <subfield code="a">Pastrana Maldonado, Daniel</subfield>
      <subfield code="e">author</subfield>
   </datafield>
   <datafield ind2=" " ind1=" " tag="720">
      <subfield code="a">Yáñez, David</subfield>
      <subfield code="e">author</subfield>
   </datafield>
   <datafield ind2=" " ind1=" " tag="720">
      <subfield code="a">Pons, Ramon</subfield>
      <subfield code="e">author</subfield>
   </datafield>
   <datafield ind2=" " ind1=" " tag="720">
      <subfield code="a">Martorell Lopez, Jordi</subfield>
      <subfield code="e">author</subfield>
   </datafield>
   <datafield ind2=" " ind1=" " tag="260">
      <subfield code="c">2018</subfield>
   </datafield>
   <datafield ind2=" " ind1=" " tag="520">
      <subfield code="a">The fluid-structure interaction (FSI) problem has received great attention in the last few years, mainly because it is present in many physical systems, industrial applications, and almost every biological system. In the parallel computational field, outstanding advances have been achieved for the individual components of the problem, allowing, for instance, simulations around complex geometries at very high Reynolds numbers or simulations of the contraction of a beating heart. However, it is not an easy task to combine the advances of both fields, given that they have followed development paths in a rather independent way, and also because physical and numerical instabilities arise when dealing with two highly nonlinear partial differential equations. Nonetheless, in the last few years great advances in the coupled FSI field have been achieved, recognizing the most challenging problems to tackle and enabling a new generation of numerical simulations in aerodynamics, biological systems, and complex industrial devices. Keeping in mind that efficient parallel codes for the individual components already exist, this paper presents a framework to build a massively parallel FSI solver in a multicode coupling partitioned approach, with strong focus in the parallel implementation aspects and the parallel performance of the resulting application. The problem is casted in an algebraic form, and the main points of interest are the parallel environment needed to be able to transfer data among the codes, the location of the exchange surface, and the exchange of information among the parallel applications. The proposed framework has been implemented in the HPC multiphysics code Alya, and the multicode coupling is carried out running separated instances of this code. Two coupling algorithms with different acceleration schemes are revised, and three representative cases of different areas of interest showing the reach of the proposed framework are solved. Good agreement with literature and experiments is obtained. In addition to the numerical validation of the FSI solver, an assessment of the parallel performance of the proposed multicode strategy is done. In particular, a special distribution of the fluid code and solid code MPI processes on the supercomputer nodes based on computing cores overloading is investigated. Finally, a strong scalability test, running up to a 30 million elements case using 1280 MPI processes, is done.</subfield>
   </datafield>
   <datafield ind2=" " ind1=" " tag="520">
      <subfield code="a">Postprint (published version)</subfield>
   </datafield>
   <datafield tag="653" ind2=" " ind1=" ">
      <subfield code="a">Àrees temàtiques de la UPC::Física</subfield>
   </datafield>
   <datafield tag="653" ind2=" " ind1=" ">
      <subfield code="a">Fluid-structure interaction</subfield>
   </datafield>
   <datafield tag="653" ind2=" " ind1=" ">
      <subfield code="a">Fluid-structure interaction</subfield>
   </datafield>
   <datafield tag="653" ind2=" " ind1=" ">
      <subfield code="a">HPC</subfield>
   </datafield>
   <datafield tag="653" ind2=" " ind1=" ">
      <subfield code="a">Multicode coupling</subfield>
   </datafield>
   <datafield tag="653" ind2=" " ind1=" ">
      <subfield code="a">Interacció fluid-estructura</subfield>
   </datafield>
   <datafield ind2="0" ind1="0" tag="245">
      <subfield code="a">Fluid-structure interaction based on HPC multicode coupling</subfield>
   </datafield>
</record></metadata></record></GetRecord></OAI-PMH>